000 01089nam a2200337 i 4500
001 000044534
003 DO-SdBNP
005 20260220105916.0
007 ta
008 140711s1998 dr 000 0 spa d
020 _a8489539766
040 _aDO-SdBNP
_bspa
_cBNPHU
_erda
041 _aspa
082 4 _a883.01
_bH766i
_222
100 1 _aHomero
_dca.725 a.C.
_972548
_4aut.
_eautor
245 1 3 _aLa Ilíada /
_cHomero ; prólogo, Diógenes Céspedes.
250 _aPrimera edición
264 4 _aSanto Domingo, República Dominicana :
_bEditora de Colores, S. A.,
_c©1998.
300 _a99 páginas ;
_c21 cm.
336 _atexto
_btxt
_2rdacontent
337 _asin mediación
_bn
_2rdamedia
338 _avolumen
_bnc
_2rdacarrier
490 1 _aClásicos de colores
590 _aInventariado, 2023 / DG
650 4 _aPoesía épica griega
_927065
650 4 _aLiteratura griega
_92386
700 1 2 _aCéspedes, Diógenes,
_d1941-
_eprologuista
_920548
_4pr.
830 0 _aClásicos de colores
_938114
910 _aValidado. Control de calidad MFF
942 _2ddc
_cLBS1
999 _c44023
_d44023